El crash del 2010 : toda la verdad sobre la crisis /
Sostiene el autor que la verdadera crisis económica no fue la que comenzó a finales de 2008, sino que va a producirse en 2010 y tendrá efectos muy graves y de largo plazo, pues se trata de una fractura del sistema económico mismo, de las cuales sólo se han producido dieciocho en dos mil años. En tan...
Gorde:
| Egile nagusia: | |
|---|---|
| Formatua: | Liburua |
| Hizkuntza: | gaztelania |
| Argitaratua: |
Barcelona, España : México :
Los Libros del Lince ; Textofilia,
2009, c2009
|
| Gaiak: | |
| Etiketak: |
Etiketarik gabe, Izan zaitez lehena erregistro honi etiketa jartzen!
|
MARC
| LEADER | 00000nam^a2200000^a^4500 | ||
|---|---|---|---|
| 001 | 000297454 | ||
| 005 | 20250521000000.0 | ||
| 008 | 100301 20092009 | ||
| 009 | 20260310112339.8 | ||
| 020 | |a 978-607-7818-10-6 | ||
| 037 | |a Acervo ITESO - Biblioteca | ||
| 041 | |a ESP | ||
| 082 | |a 330. 9051 |b NIÑ | ||
| 100 | |a Niño Becerra, Santiago |e (autor) | ||
| 245 | 1 | 3 | |a El crash del 2010 : |b toda la verdad sobre la crisis / |c S. Niño Becerra. |
| 264 | 4 | |a Barcelona, España : |b Los Libros del Lince ; |a México : |b Textofilia, |c 2009, c2009 | |
| 300 | |a 245 p. | ||
| 336 | |a texto |b txt |2 rdacontenido | ||
| 337 | |a sin mediación |b n |2 rdamedio | ||
| 338 | |a volumen |b nc |2 rdasoporte | ||
| 520 | |a Sostiene el autor que la verdadera crisis económica no fue la que comenzó a finales de 2008, sino que va a producirse en 2010 y tendrá efectos muy graves y de largo plazo, pues se trata de una fractura del sistema económico mismo, de las cuales sólo se han producido dieciocho en dos mil años. En tanto que no se trata de un problema coyuntural, es una crisis de la que necesariamente derivará un nuevo sistema de producción. | ||
| 649 | |a XX | ||
| 650 | |a Crisis Económica - |x Tema Principal | ||
| 650 | |a Crisis Económica - |x Historia - |y 2000-2009 | ||
| 650 | |a Crisis Económica - |x Historia - |y 2010-2019 | ||
| 650 | |a Crisis Económica - |x Historia - |y Siglo XXI | ||
| 650 | |a Prospectiva Económica | ||
| 650 | |a Economía Internacional | ||
| 910 | |a Fondo General | ||
| 920 | |a Impresos - Libros | ||
| 930 | |a Colección General | ||
| 905 | |a 101 | ||
| 901 | |a 0500183031 |b IT1 |c ACC |i C122473 |u 20250521 | ||
| 902 | |a https://opac.biblio.iteso.mx/vufind/Record/000297454 | ||